مكتبة جامعة عجلون الوطنية

فهرس بحث المكتبة

On Sigma Perfect Function in Topological Spaces (Record no. 33951)

MARC details
000 -LEADER
fixed length control field 00704nam a22001937a 4500
003 - CONTROL NUMBER IDENTIFIER
control field JO-AjAnu
005 - DATE AND TIME OF LATEST TRANSACTION
control field 20250720091925.0
008 - FIXED-LENGTH DATA ELEMENTS--GENERAL INFORMATION
fixed length control field 250715b jo ||||| |||| 00| 0 ara d
040 ## - CATALOGING SOURCE
Original cataloging agency anu
Transcribing agency JO-AjAnu
041 ## - LANGUAGE CODE
Language code of original ENG
100 ## - MAIN ENTRY--PERSONAL NAME
Personal name Al-qura’an, Asma’a Adel Awad
Relator term preparer
9 (RLIN) 66603
245 ## - TITLE STATEMENT
Title On Sigma Perfect Function in Topological Spaces
Statement of responsibility, etc. /prepared by Asma’a Adel Awad Al-qura’an Supervision Ali Atoom
260 ## - PUBLICATION, DISTRIBUTION, ETC.
Date of publication, distribution, etc. 2025
300 ## - PHYSICAL DESCRIPTION
Extent 63 Pages
500 ## - GENERAL NOTE
General note University Thesis (Master's Thesis in Mathematics) - Ajloun National University (Jordan-Ajloun) - Faculty of Science, 2025
650 ## - SUBJECT ADDED ENTRY--TOPICAL TERM
Form subdivision Topological Spaces
700 ## - ADDED ENTRY--PERSONAL NAME
Personal name Atoom, Ali
Relator term Supervisor
9 (RLIN) 66604
942 ## - ADDED ENTRY ELEMENTS (KOHA)
Source of classification or shelving scheme Library of Congress Classification
Koha item type Thesis
Suppress in OPAC No
Holdings
Withdrawn status Lost status Source of classification or shelving scheme Damaged status Not for loan Home library Current library Date acquired Total Checkouts Full call number Barcode Date last seen Price effective from Koha item type
    Library of Congress Classification     مكتبة جامعة عجلون الوطنية مكتبة جامعة عجلون الوطنية 15/07/2025   QA611.2025 E4049 15/07/2025 15/07/2025 Thesis
    Library of Congress Classification     مكتبة جامعة عجلون الوطنية مكتبة جامعة عجلون الوطنية 15/07/2025   QA611.2025 E4050 15/07/2025 15/07/2025 Thesis